Statistiques concernant Personnalités photographiées avec Jean-Luc Godard

Cliquez ici pour prendre le quiz!

Statistiques générales

  • Ce quiz a été pris 68 fois
    (62 depuis la dernière actualisation)
  • Le résultat moyen est 8 sur 20

Statistiques - réponses

Réponse% Correct
Johnny Hallyday
96%
Jean-Paul Belmondo
87%
Brigitte Bardot
81%
Alain Delon
79%
François Truffaut
50%
Daniel Cohn-Bendit
44%
Jean-Paul Sartre
44%
Chantal Goya
40%
Isabelle Huppert
38%
Anna Karina
37%
Josiane Balasko
29%
Marguerite Duras
27%
Darius Rochebin
25%
Jean Seberg
19%
Pier Paolo Pasolini
15%
Akira Kurosawa
13%
Patti Smith
13%
Nathalie Baye
12%
Brian Jones
8%
Luc Moullet
6%

Distribution des résultats

Percentile par nombre de réponses

% des personnes avec chaque résultat

Votre développement - résultats

Vous n’avez pas pris ce quiz depuis la dernière actualisation